000 00732nam a2200289Ia 4500
005 20260324115417.0
008 008 260324s9999 xx 000 0 eng d
020 _a9781315165486
037 _aEBOOK
040 _aCRL
040 _beng
040 _cCRL
041 _2eng
041 _aeng
084 _qCRL
100 _aAtaur Rahman; Vojislav Ilic
_91154552
245 0 _aBlended Learning in Engineering Education
245 0 _bRecent Developments in Curriculum, Assessment and Practice
260 _bTaylor and Francis
260 _c2018
365 _a
365 _b275
856 _uhttp://www.taylorfrancis.com/books/9781315165486
942 _cEBOOK
999 _c1745422
_d1745422